Dona Barbara /

Saved in:
Bibliografiske detaljer
Hovedforfatter: Gallegos, Romulo
Format: Bog
Sprog:engelsk
Udgivet: Madrid
Tags: Tilføj Tag
Ingen Tags, Vær først til at tagge denne postø!

MARC

LEADER 00000nam a2200000 4500
001 CDOM0000003937
003 mi
005 20251008171613.0
008 251008b |||||||| |||| 00| 0 eng d
040 |c mi 
100 |a Gallegos, Romulo 
245 1 |a Dona Barbara /  |c Romulo Gallegos 
260 |a Madrid 
942 |2 ddc  |c BK 
952 |0 0  |1 0  |2 ddc  |4 0  |7 0  |9 7099  |a MI  |b MI  |d 2009-09-21  |i 5682  |l 0  |p CDOM5682  |r 2025-07-13 16:28:00  |w 2025-07-13  |x DONO  |y BK 
999 |c 5802  |d 5802